[Event "Biel"]
[Site "Biel"]
[Date "1992.??.??"]
[Round "1"]
[White "Beliavsky, Alexander G"]
[Black "Kortschnoj, Viktor"]
[Result "1/2-1/2"]
[WhiteElo "2595"]
[BlackElo "2575"]

1.d4 Nf6 2.c4 e6 3.Nf3 b6 4.g3 Ba6 5.b3 Bb7 6.Bg2 Bb4+ 7.Bd2 a5 8.O-O O-O
9.Qc2 d6 10.a3 Bxd2 11.Nbxd2 c5 12.e4 cxd4 13.Nxd4 Nc6 14.Nb5 Na7 15.Nxa7 Rxa7
16.Rad1 Qc7 17.Qd3 Ba6 18.Rfe1 Qc5 19.Ra1 Ng4 20.Qe2 Ne5 21.Kh1 b5 22.f4 Nc6
23.cxb5 Bxb5 24.Qe3 Qxe3 25.Rxe3 Nd4 26.Rc3 Ne2 27.Re3 a4 28.Nf3 Rc8 29.Bf1 Nc3
30.Rc1 Bxf1 31.Rexc3 Rxc3 32.Rxc3 f6 33.b4 e5 34.Kg1 Bb5 35.Kf2 Kf7 36.Ke3 Bd7
37.Nd2 Ke6 38.Nc4 Ra6 39.Na5 g6 40.Rc7 Ke7 41.Nc4 Rc6 42.Rxc6 Bxc6 43.Nb2 Ke6
44.fxe5 fxe5 45.Nc4 d5 46.exd5+ Kxd5 47.Nb6+ Ke6 48.Nc4 Kd5  1/2-1/2

[Event "Biel"]
[Site "Biel"]
[Date "1992.??.??"]
[Round "2"]
[White "Miles, Anthony J"]
[Black "Karpov, Anatoly"]
[Result "1/2-1/2"]
[WhiteElo "2595"]
[BlackElo "2715"]

1.e4 e5 2.Nf3 Nc6 3.Bb5 a6 4.Bxc6 dxc6 5.d4 exd4 6.Qxd4 Qxd4 7.Nxd4 Bd7 8.Be3 O-O-O
9.Nd2 Ne7 10.O-O-O f6 11.f3 Ng6 12.h4 h5 13.Nc4 c5 14.Nf5 Be6 15.Rxd8+ Kxd8
16.Nd2 b6 17.b3 Kc8 18.Bf2 Nf4 19.g3 g6 20.Ne7+ Bxe7 21.gxf4 f5 22.Rg1 Rg8
23.Nc4 Bf6 24.a4 Kb7 25.Rg2 Bxc4 26.bxc4 Rg7 27.Kb1 Bc3 28.Ka2 Re7 29.Kb3 Bh8
30.e5 Re6 31.Rg1 Bg7 32.Rd1 Kc8 33.a5 Bh6 34.Be3 Bf8 35.Ra1 Kb7 36.Rd1 Be7
37.Bf2 Kc8 38.Ra1 Kb7 39.Rd1 Kc8 40.Ra1 Kb7 41.Rd1  1/2-1/2

[Event "Biel"]
[Site "Biel"]
[Date "1992.??.??"]
[Round "2"]
[White "Georgiev, Kiril"]
[Black "Lautier, Joel"]
[Result "1/2-1/2"]
[WhiteElo "2610"]
[BlackElo "2580"]

1.d4 d5 2.c4 c6 3.Nf3 Nf6 4.e3 Bf5 5.cxd5 cxd5 6.Qb3 Qc7 7.Bd2 Nc6 8.Bb5 e6
9.Bb4 Bxb4+ 10.Qxb4 Qe7 11.Bxc6+ bxc6 12.Qxe7+ Kxe7 13.Nc3 Rhc8 14.Na4 Be4
15.Ke2 Nd7 16.Rhc1 Bxf3+ 17.Kxf3 Kd6 18.Rc3 Rab8 19.b3 f6 20.Rac1 e5 21.Ke2 Rb4
22.Kd3 a5 23.a3 Rb5 24.Ke2 Rc7 25.R1c2 Rb8 26.Kd2 Rb5 27.Rc1 Rbb7 28.R1c2 Rb8
29.Kc1 Rb5 30.Kb2 Rc8 31.Ka2 Rc7 32.Nb2 exd4 33.exd4 Nf8 34.Na4 Ne6 35.Rd2 Rcb7
36.Re3 Rb8 37.g3 R5b7 38.Rd1  1/2-1/2

[Event "Biel"]
[Site "Biel"]
[Date "1992.??.??"]
[Round "3"]
[White "Karpov, Anatoly"]
[Black "Kortschnoj, Viktor"]
[Result "1-0"]
[WhiteElo "2715"]
[BlackElo "2575"]

1.d4 Nf6 2.c4 e6 3.Nf3 b6 4.g3 Ba6 5.b3 Bb7 6.Bg2 Bb4+ 7.Bd2 c5 8.O-O O-O
9.Bc3 d5 10.cxd5 Nxd5 11.Bb2 cxd4 12.Qxd4 Qf6 13.a3 Qxd4 14.Nxd4 Bc5 15.Nb5 Nc6
16.b4 Be7 17.e4 Nf6 18.e5 Nd5 19.N1c3 Nxc3 20.Bxc3 Nd8 21.Bxb7 Nxb7 22.Rfd1 Rfd8
23.Rxd8+ Bxd8 24.Rd1 a6 25.Rd7 axb5 26.Rxb7 Kf8 27.Bd4 Ra6 28.h4 h5 29.Kf1 Ke8
30.Ke2 Kf8 31.Rb8 Ke8 32.Rb7 Kf8 33.Kf1 Ke8 34.Kg2 Kf8 35.Rb8 Ke7 36.Rb7+ Kf8
37.Be3 Ke8 38.Kf1 Kf8 39.Rb8 Ke7 40.Bg5+ f6 41.exf6+ gxf6 42.Bxf6+ Kxf6 43.Rxd8 Rxa3
44.Rh8 Rb3 45.Rxh5 Rxb4 46.Kg2 Kg6 47.Re5 Kf6 48.f4 Rb2+ 49.Kf3 b4 50.Rb5 b3
51.Kg4 Rb1 52.Kh5 b2 53.g4  1-0

[Event "Biel"]
[Site "Biel"]
[Date "1992.??.??"]
[Round "3"]
[White "Lautier, Joel"]
[Black "Miles, Anthony J"]
[Result "1/2-1/2"]
[WhiteElo "2580"]
[BlackElo "2595"]

1.d4 e6 2.e4 b6 3.Bd3 Bb7 4.Nf3 c5 5.c3 Nf6 6.e5 Nd5 7.dxc5 Bxc5 8.O-O Be7
9.Qe2 Nc6 10.Be4 Nc7 11.Rd1 b5 12.Nbd2 a6 13.Nb3 Qc8 14.Bg5 Bxg5 15.Nxg5 h6
16.Qh5 Nxe5 17.Nc5 g6 18.Qe2 d5 19.Bxd5 Bxd5 20.Qxe5 O-O 21.Nge4 Ne8 22.b4 Qc6
23.Rd3 f6 24.Qd4 Kg7 25.f4 Nc7 26.a3 Rae8 27.Re1 e5 28.fxe5 Rxe5 29.Rde3 Ne6
30.Nxe6+ Rxe6 31.Nc5 Rxe3 32.Qxe3 Rf7 33.Qd4 Kh7 34.Re2 h5 35.a4 g5 36.a5 h4
37.Rd2 Qe8 38.Kf2 Bc6 39.Re2 Re7 40.Qd3+ Kh6 41.Rxe7  1/2-1/2

[Event "Biel"]
[Site "Biel"]
[Date "1992.??.??"]
[Round "4"]
[White "Hansen, Curt"]
[Black "Karpov, Anatoly"]
[Result "1/2-1/2"]
[WhiteElo "2635"]
[BlackElo "2715"]

1.d4 Nf6 2.c4 e6 3.Nf3 b6 4.a3 Ba6 5.Qc2 Bb7 6.Nc3 c5 7.dxc5 bxc5 8.Bg5 Be7
9.e3 O-O 10.Be2 Qb6 11.O-O Rd8 12.Rfd1 d6 13.Rab1 Nbd7 14.b4 cxb4 15.axb4 Rac8
16.Qa2 a6 17.Nd4 Ne5 18.Bf4 Ne4 19.Na4  1/2-1/2

[Event "Biel"]
[Site "Biel"]
[Date "1992.??.??"]
[Round "4"]
[White "Georgiev, Kiril"]
[Black "Miles, Anthony J"]
[Result "1/2-1/2"]
[WhiteElo "2610"]
[BlackElo "2595"]

1.d4 e6 2.e4 b6 3.Bd3 Bb7 4.Nf3 c5 5.c3 Nf6 6.Qe2 Be7 7.O-O Nc6 8.a3 Na5
9.Nbd2 c4 10.Bc2 Qc7 11.Ne5 b5 12.f4 O-O 13.Ng4 Nxg4 14.Qxg4 Nb3 15.Rb1 Nxd2
16.Bxd2 Bxe4 17.Bxe4 f5 18.Qf3 fxe4 19.Qxe4 Rae8 20.Rbe1 a6 21.g3 Bf6 22.Kg2 Re7
23.f5 Rfe8 24.Bf4 Qb6 25.g4 h6 26.Bg3 Kh8 27.h4 exf5 28.Qxf5 Qb7+ 29.Qf3 Re2+
30.Rxe2 Rxe2+ 31.Rf2 Qxf3+ 32.Kxf3 Re1 33.g5 Be7 34.gxh6 gxh6 35.Rg2 Rf1+
36.Ke4 Kh7 37.Be5 Bf8 38.h5 Rh1 39.Bh2 Re1+ 40.Kd5 Rh1 41.a4 bxa4 42.Kxc4 a3
43.bxa3 Bxa3 44.Be5 Bf8 45.Ra2 Rxh5 46.Rxa6 Rf5 47.Kd5 h5 48.Ke4 Rf1 49.c4 Bg7
50.Ra7 Rf7 51.Bd6 Bf8 52.Bb8 h4 53.c5 Kg6 54.Ra1 Kh5 55.Rg1 h3 56.Bf4 Be7
57.Be5 Bf8 58.Rg8 Rf1 59.Rh8+ Bh6 60.Bg7 Rf6 61.Bxh6 Rxh6 62.Rxh6+ Kxh6 63.Kf3  1/2-1/2

[Event "Biel"]
[Site "Biel"]
[Date "1992.??.??"]
[Round "4"]
[White "Kortschnoj, Viktor"]
[Black "Lautier, Joel"]
[Result "1/2-1/2"]
[WhiteElo "2575"]
[BlackElo "2580"]

1.d4 Nf6 2.c4 e6 3.g3 d5 4.Bg2 c5 5.Nf3 Nc6 6.O-O Be7 7.cxd5 exd5 8.Be3 c4
9.b3 cxb3 10.Qxb3 Na5 11.Qd3 Nc4 12.Bg5 Be6 13.Nc3 Rc8 14.Rab1 b6 15.Ne5 O-O
16.Nb5 Nxe5 17.dxe5 Ne4 18.Bxe7 Qxe7 19.Rbc1 Rc5 20.Nd4 Bd7 21.f4 Rfc8 22.Rxc5 bxc5
23.Nc2 Bc6 24.Ne3 Qe6 25.Rd1 d4 26.Bxe4 Bxe4 27.Qxe4 dxe3 28.Qxe3 g6 29.Rd2 c4
30.Rd6 Qf5 31.Qc3 Qb1+ 32.Kf2 Qb5 33.h4 a5 34.Qd4 c3 35.Rd8+ Rxd8 36.Qxd8+ Kg7
37.Qc7 Qb4 38.e6 Qd4+ 39.Kg2 Qe4+ 40.Kf1 c2 41.Qc3+ Kf8  1/2-1/2

[Event "Biel"]
[Site "Biel"]
[Date "1992.??.??"]
[Round "4"]
[White "Beliavsky, Alexander G"]
[Black "Shirov, Alexei"]
[Result "1/2-1/2"]
[WhiteElo "2595"]
[BlackElo "2710"]

1.d4 d5 2.c4 c6 3.Nc3 Nf6 4.Nf3 e6 5.cxd5 exd5 6.Bg5 h6 7.Bh4 Bf5 8.Qb3 g5
9.Bg3 Qb6 10.e3 Na6 11.Be5 Be7 12.Qxb6 axb6 13.h4 g4 14.Ng1 b5 15.Nge2 Nb4
16.Kd2 Nd3 17.Ng3 Nxe5 18.Nxf5 Nc4+ 19.Bxc4 bxc4 20.f3 gxf3 21.gxf3 Kd7 22.a3 b5
23.e4 Bd8 24.Rhg1 Bb6 25.Rae1 dxe4 26.fxe4 Rag8 27.Ke3 Ng4+ 28.Ke2 h5 29.Rgf1 Nh6
30.Ne3 Rg3 31.Rf3 Rhg8 32.Rd1 Rxf3 33.Kxf3 Ng4 34.Nf5 Ke6 35.Rd2 Bc7 36.d5+ cxd5
37.Nxd5 Nh2+ 38.Kf2 Be5 39.Nd4+ Bxd4+ 40.Rxd4 Ng4+ 41.Ke2 Ke5 42.Rd1 Kxe4
43.Nc3+ Kf4 44.Rf1+ Kg3 45.Rxf7 Kxh4 46.Nxb5 Kg3 47.Nd6 Rb8 48.Nxc4 h4 49.Nd2 h3
50.Ne4+ Kg2 51.Rg7 Rxb2+ 52.Kd3 Kf3  1/2-1/2

[Event "Biel"]
[Site "Biel"]
[Date "1992.??.??"]
[Round "5"]
[White "Miles, Anthony J"]
[Black "Kortschnoj, Viktor"]
[Result "1-0"]
[WhiteElo "2595"]
[BlackElo "2575"]

1.d4 Nf6 2.Nf3 e6 3.c4 Bb4+ 4.Bd2 c5 5.a3 Bxd2+ 6.Qxd2 cxd4 7.Nxd4 O-O 8.Nc3 d5
9.e3 e5 10.Nf3 e4 11.Nd4 dxc4 12.Bxc4 Qc7 13.Be2 Qe5 14.Ndb5 Nc6 15.Qd6 Rd8
16.Qxe5 Nxe5 17.h3 Be6 18.Nc7 Rac8 19.Nxe6 fxe6 20.Rd1 Nd3+ 21.Bxd3 exd3
22.f3 Nd5 23.Kd2 Rc6 24.Rc1 Rb6 25.b4 Ne7 26.Ne4 a5 27.Rb1 axb4 28.axb4 Nf5
29.b5 Nh4 30.Rb4 e5 31.Nc3 Rg6 32.Rg4 Rxg4 33.hxg4 g5 34.Ne4 h6 35.Rg1 b6
36.Nc3 Kf7 37.e4 Rd4 38.Nd5 Kg7 39.Nxb6 Rb4 40.Kxd3 Rxb5 41.Nc4 Kg6 42.Ke2 Rc5
43.Ne3 Kh7 44.g3 Ng6 45.Ra1 Rc7 46.Nf5 Ne7 47.Ra5 Ng6 48.Kd3 Rd7+ 49.Kc4 Rc7+
50.Kd5 Rb7 51.Ke6 Rb6+ 52.Nd6 Kg7 53.Ra7+ Kg8 54.Kd5 Rb3 55.Nf5 Kh8 56.Ke6 Rb6+
57.Kf7 Kh7 58.Rd7 Ra6 59.Nd6  1-0

[Event "Biel"]
[Site "Biel"]
[Date "1992.??.??"]
[Round "5"]
[White "Karpov, Anatoly"]
[Black "Beliavsky, Alexander G"]
[Result "1-0"]
[WhiteElo "2715"]
[BlackElo "2595"]

1.e4 e5 2.Nf3 Nc6 3.Bb5 a6 4.Ba4 Nf6 5.O-O Be7 6.Re1 b5 7.Bb3 d6 8.c3 O-O
9.h3 Nb8 10.d4 Nbd7 11.Nbd2 Bb7 12.Bc2 Re8 13.a4 Bf8 14.Bd3 c6 15.b3 g6 16.Qc2 Bg7
17.Bb2 Nh5 18.Bf1 Qb6 19.b4 Nf4 20.dxe5 Nxe5 21.Nxe5 dxe5 22.c4 Rad8 23.axb5 axb5
24.Ra5 Bf8 25.Bc3 Ne6 26.Nf3 Nd4 27.Bxd4 exd4 28.c5 Qc7 29.Ra7 Qb8 30.Qa2 d3
31.Ra3 d2 32.Nxd2 Rd4 33.e5 Rxb4 34.e6 fxe6 35.Rxe6 Kh8 36.Rae3 Rxe6 37.Qxe6 Rf4
38.Ne4 Qd8 39.Qe5+  1-0

[Event "Biel"]
[Site "Biel"]
[Date "1992.??.??"]
[Round "6"]
[White "Georgiev, Kiril"]
[Black "Kortschnoj, Viktor"]
[Result "1/2-1/2"]
[WhiteElo "2610"]
[BlackElo "2575"]

1.d4 Nf6 2.c4 e6 3.g3 d5 4.Nf3 dxc4 5.Bg2 Nc6 6.O-O Rb8 7.e3 Bd7 8.Qe2 b5
9.a4 a6 10.axb5 axb5 11.b3 cxb3 12.Nbd2 Be7 13.Bb2 O-O 14.Rfc1 Nd5 15.Nxb3 Nb6
16.Nfd2 Na4 17.Ne4 Nb4 18.Nec5 Nd5 19.h4 Ra8 20.e4 Ndb6 21.e5 Nd5 22.Bxd5 exd5
23.Ba3 Bxc5 24.Nxc5 Nxc5 25.Bxc5 Re8 26.Rxa8 Qxa8  1/2-1/2

[Event "Biel"]
[Site "Biel"]
[Date "1992.??.??"]
[Round "6"]
[White "Shirov, Alexei"]
[Black "Karpov, Anatoly"]
[Result "0-1"]
[WhiteElo "2710"]
[BlackElo "2715"]

1.d4 Nf6 2.c4 e6 3.Nc3 Bb4 4.f3 d5 5.a3 Bxc3+ 6.bxc3 c5 7.cxd5 Nxd5 8.Qd3 b6
9.e4 Ba6 10.Qd2 Bxf1 11.Kxf1 Ne7 12.Ne2 Nbc6 13.dxc5 Qc7 14.Qf4 e5 15.Qg4 O-O
16.Kf2 Na5 17.cxb6 Qxb6+ 18.Be3 Qc6 19.Rhd1 Nc4 20.Bg5 f6 21.Bc1 Qb6+ 22.Kg3 f5
23.exf5 Nxf5+ 24.Kh3 Nce3 25.Bxe3 Nxe3 26.Qe4 Qe6+ 27.Kg3 Nxd1 28.Rxd1 Rad8
29.Re1 Qf5 30.Qxf5 Rxf5 31.Kf2 Rd2 32.Rb1 Ra2 33.Rb5 Rxa3 34.c4 Rf6 35.Rxe5 Rc6
36.c5 Ra5 37.Re7 Rcxc5 38.Nf4 Re5 39.Rc7 Ra4  0-1

[Event "Biel"]
[Site "Biel"]
[Date "1992.??.??"]
[Round "7"]
[White "Kortschnoj, Viktor"]
[Black "Hansen, Curt"]
[Result "1/2-1/2"]
[WhiteElo "2575"]
[BlackElo "2635"]

1.d4 Nf6 2.c4 e6 3.Nc3 Bb4 4.e3 c5 5.Ne2 d5 6.a3 Bxc3+ 7.Nxc3 cxd4 8.exd4 dxc4
9.Bxc4 Nc6 10.Be3 O-O 11.O-O b6 12.Qd3 Bb7 13.Rad1 h6 14.Bf4 Ne7 15.Rfe1 Nfd5
16.Bg3 Ng6 17.f3 Rc8 18.Nxd5 Bxd5 19.Ba6 Ra8 20.Rc1 h5 21.Kf2 Qf6 22.Qe3 Rfe8
23.Be5  1/2-1/2

[Event "Biel"]
[Site "Biel"]
[Date "1992.??.??"]
[Round "7"]
[White "Karpov, Anatoly"]
[Black "Georgiev, Kiril"]
[Result "0-1"]
[WhiteElo "2715"]
[BlackElo "2610"]

1.d4 Nf6 2.c4 e6 3.Nf3 b6 4.g3 Ba6 5.b3 Bb4+ 6.Bd2 Be7 7.Bg2 c6 8.Bc3 d5
9.Ne5 Bb7 10.O-O Na6 11.Bb2 O-O 12.Nc3 Rc8 13.e4 Bb4 14.exd5 Bxc3 15.Bxc3 cxd5
16.Qe2 Qe7 17.Bb2 Nb4 18.Rfd1 Rfd8 19.Ba3 a5 20.Rac1 h6 21.f3 Ba6 22.Bf1 Nd7
23.Ng4 Nf6 24.Ne3 Rc7 25.Qd2 Rdc8 26.Rc2 Bb7 27.Be2 Rd8 28.Rcc1 Rdc8 29.Nc2 dxc4
30.bxc4 Ba6 31.Ne3 Qd7 32.Bxb4 axb4 33.Rb1 b5 34.c5 Nd5 35.Nxd5 Qxd5 36.Rxb4 e5
37.a4 exd4 38.axb5 d3 39.Qxd3 Qxc5+ 40.Qd4 Qe7 41.Qe4 Qc5+ 42.Qd4 Qe7 43.Rd2 Bb7
44.Rb3 Qg5 45.Qe3 Qf6 46.Rbd3 Re7 47.Qf2 Rce8 48.Rd7 g6 49.Rxe7 Rxe7 50.Rd3 Kh7
51.Bf1 h5 52.h4 Qe5 53.Rb3 f5 54.Rb4 Bxf3 55.b6 Qd6 56.Rb2 Be4 57.Kh2 Qc6
58.Bg2 Rb7 59.Bf1 Qd6 60.Qe3 Qc6 61.Qf2 Re7 62.Ra2 Rb7 63.Ra7 g5 64.Bg2 f4
65.Bxe4+ Qxe4 66.Rxb7+ Qxb7 67.hxg5 fxg3+ 68.Kxg3 h4+ 69.Kxh4 Qe4+ 70.Kh5 Qh1+
71.Kg4 Qd1+ 72.Kh4 Qa4+ 73.Kg3 Qb3+ 74.Kh2 Kg6 75.Qf6+ Kh5 76.g6 Qd3 77.g7 Qh3+
78.Kg1 Qe3+ 79.Kf1 Qc1+ 80.Ke2 Qc2+ 81.Ke3 Qc1+ 82.Kd3 Qb1+ 83.Kc4 Qe4+ 84.Kc5 Qc2+
85.Kd6 Qd3+ 86.Ke7 Qa3+ 87.Qd6 Qe3+ 88.Kd7 Qh3+ 89.Kd8 Qh4+ 90.Ke8 Qe4+ 91.Kf8 Qf5+
92.Ke7 Qg5+ 93.Qf6 Qe3+ 94.Kd7 Qd3+ 95.Kc7 Qc2+ 96.Kb8 Qh2+  0-1

[Event "Biel"]
[Site "Biel"]
[Date "1992.??.??"]
[Round "8"]
[White "Kortschnoj, Viktor"]
[Black "Beliavsky, Alexander G"]
[Result "1-0"]
[WhiteElo "2575"]
[BlackElo "2595"]

1.e4 e5 2.Nf3 Nc6 3.Bb5 a6 4.Ba4 Nf6 5.O-O Be7 6.Re1 b5 7.Bb3 d6 8.c3 O-O
9.h3 Nb8 10.d4 Nbd7 11.c4 Bb7 12.Nc3 c6 13.c5 Qc7 14.cxd6 Bxd6 15.Bg5 h6
16.dxe5 Bxe5 17.Nxe5 Qxe5 18.Bh4 Nc5 19.Bg3 Qg5 20.h4 Qg6 21.Bc2 Rfd8 22.Bd6 Bc8
23.e5 Bf5 24.Bxf5 Qxf5 25.exf6 Qxf6 26.Bxc5 Rxd1 27.Raxd1 Qxh4 28.Rd4 Qg5
29.b4 a5 30.a3 Qf5 31.Ne4 axb4 32.axb4 Qe5 33.Rdd1 h5 34.Nd2 Qc7 35.Nf3 Rd8
36.Rxd8+ Qxd8 37.Re5 f6 38.Re7 Qd1+ 39.Kh2 Qc1 40.g3 Qd1 41.Re3 Qd5 42.Nd4 Kh7
43.Re6 Qa2 44.Kg1 Qd5 45.Rxc6 h4 46.gxh4 Qh5 47.Re6 Qg4+ 48.Kf1 Qxh4 49.Re7 Qh1+
50.Ke2 Qd5 51.Ke3 Qg5+ 52.Kd3 Qd5 53.Kc3 Qc4+ 54.Kb2 Qd3 55.Rb7 Qd2+ 56.Nc2 Qe2
57.Bd4 Kg6 58.Rc7 Qd3 59.Be3 Qe2 60.Rd7 Qc4 61.Bc5 Qe2 62.Be3 Qc4 63.Rd4 Qc6
64.Na3 Kf7 65.Nb1 g5 66.Nc3 Qf3 67.Rd5 g4 68.Ba7 f5 69.Rxb5 f4 70.Rd5 g3
71.fxg3 fxg3 72.b5 g2 73.Kb3 Qg3 74.Bg1 Qe1 75.Rd1 Qe6+ 76.Kb2 Qg4 77.Rd2 Ke8
78.b6 Qf3 79.Nd5 Qf1 80.Nc7+ Kf7 81.b7  1-0

[Event "Biel"]
[Site "Biel"]
[Date "1992.??.??"]
[Round "8"]
[White "Lautier, Joel"]
[Black "Karpov, Anatoly"]
[Result "1/2-1/2"]
[WhiteElo "2580"]
[BlackElo "2715"]

1.e4 e5 2.Nf3 Nc6 3.Nc3 Nf6 4.d4 exd4 5.Nxd4 Bb4 6.Nxc6 bxc6 7.Bd3 d5 8.exd5 Qe7+
9.Qe2 Nxd5 10.Qxe7+ Kxe7 11.a3 Bxc3+ 12.bxc3 Be6 13.O-O f6 14.c4 Nb6 15.Be4 Bxc4
16.Re1 Kf7 17.Bxc6 Rad8 18.Be3 Bd5 19.Bb5 Bc4 20.Bxc4+ Nxc4 21.Bxa7 Rd5 22.Red1 Rxd1+
23.Rxd1 Nxa3 24.Rd7+ Kg6 25.h4 h5 26.Bc5 Nxc2 27.Rxc7 Rd8 28.Kh2  1/2-1/2

[Event "Biel"]
[Site "Biel"]
[Date "1992.??.??"]
[Round "9"]
[White "Karpov, Anatoly"]
[Black "Miles, Anthony J"]
[Result "1-0"]
[WhiteElo "2715"]
[BlackElo "2595"]

1.d4 e6 2.c4 Bb4+ 3.Bd2 Bxd2+ 4.Qxd2 b6 5.Nc3 Bb7 6.e4 Nh6 7.f4 f5 8.e5 Nf7
9.O-O-O g5 10.Nf3 Rg8 11.Be2 Na6 12.h3 gxf4 13.Qxf4 Qe7 14.g4 fxg4 15.hxg4 Ng5
16.d5 Nxf3 17.Bxf3 O-O-O 18.Rh6 Rg7 19.Rf6 exd5 20.cxd5 Re8 21.g5 Kb8 22.Bh5 Reg8
23.Bf7 Rc8 24.e6 dxe6 25.dxe6 Nb4 26.a3 Nc6 27.b4 Qf8 28.Nd5 Qd6 29.e7 Rxf7
30.Rxf7 Qe6 31.Rf8 Ne5 32.Rxc8+ Bxc8 33.Qf6 Qh3 34.Qxe5 Qxa3+ 35.Kd2  1-0

[Event "Biel"]
[Site "Biel"]
[Date "1992.??.??"]
[Round "9"]
[White "Lautier, Joel"]
[Black "Georgiev, Kiril"]
[Result "1/2-1/2"]
[WhiteElo "2580"]
[BlackElo "2610"]

1.c4 Nf6 2.Nc3 g6 3.d4 Bg7 4.e4 d6 5.f3 O-O 6.Be3 c5 7.dxc5 dxc5 8.Qxd8 Rxd8
9.Bxc5 Nc6 10.Ba3 b6 11.Nge2 Bb7 12.Rd1 Nd7 13.Nd5 Nde5 14.Nc1 e6 15.Ne7+ Nxe7
16.Bxe7 Rxd1+ 17.Kxd1 Re8 18.Ba3 f5 19.exf5 Nxf3 20.fxg6 Rd8+ 21.Bd3 hxg6
22.Kc2 Ne5 23.Re1 Bxg2 24.Be4 Nxc4 25.Bxg2 Rd2+ 26.Kb3 Na5+ 27.Ka4 Rxg2 28.Rxe6 Nc4
29.Re2 Rxe2 30.Nxe2 a6 31.Kb3 Nxa3 32.bxa3 Kf7 33.Kc4 Ke6 34.Nf4+ Kf5 35.Nd5 Kg4
36.h3+ Kf3 37.Nxb6 Kg3 38.Nd5 g5 39.Nb4 Kxh3 40.Nxa6 g4 41.Nc5 g3 42.Nd3 Bh6
43.Ne1 Bd2 44.Nf3 Kg4 45.Ng1 Be3 46.Ne2 g2 47.a4 Kf3 48.Kd3 Bb6 49.a3 Be3
50.a5 Bc5 51.a6 Be3 52.a4 Bb6 53.Kd2 Bc5 54.Kd3 Be3 55.a5 Ba7 56.Kd2 Bf2
57.Kd1 Be3 58.Ke1 Bc5 59.Kd2 Ke4 60.Kd1 Ke3 61.Ke1 Ba7 62.Kd1 Kf2 63.Kd2 Be3+
64.Kd1 Kf3 65.Ke1 Ke4 66.Kd1 Bf2 67.Kd2 Bd4 68.Ke1 Bc5 69.Kd2 Kf3 70.Kd1 Ke4
71.Kd2 Kf3 72.Kd1 Ke3 73.Ke1 Ba7 74.Kd1 Bb8 75.Ke1 Kf3 76.Ng1+ Ke3 77.Ne2 Ba7
78.Kd1  1/2-1/2

[Event "Biel"]
[Site "Biel"]
[Date "1992.??.??"]
[Round "9"]
[White "Shirov, Alexei"]
[Black "Kortschnoj, Viktor"]
[Result "1/2-1/2"]
[WhiteElo "2710"]
[BlackElo "2575"]

1.d4 Nf6 2.c4 e6 3.Nc3 Bb4 4.f3 c5 5.d5 d6 6.e4 Bxc3+ 7.bxc3 O-O 8.Ne2 Re8
9.Ng3 Qa5 10.Bd2 Bd7 11.Be2 Ba4 12.Qc1 Nbd7 13.O-O a6 14.Bf4 Qc7 15.Qd2 Ne5
16.Bg5 Ned7 17.Bd1 Bxd1 18.Raxd1 b5 19.dxe6 Rxe6 20.Nf5 Ne8 21.Be7 Nb6 22.Bxd6 Nxd6
23.Nxd6 g6 24.Rfe1 f6 25.f4 Rd8 26.e5 fxe5 27.fxe5 Nxc4 28.Qd5 Qd7 29.a4 Nb2
30.Rd2 Nxa4 31.Rf1 Nb6 32.Qxc5 Rb8 33.Rdf2 Re7 34.Ne4 Qc7 35.Nf6+ Kg7 36.Qe3 Qxe5
37.Nh5+ Kg8 38.Qxb6 gxh5 39.Qxa6 Qe3 40.Qa2+ Kh8 41.Kh1 Rg8 42.Qb2 Qe5 43.h3 Rc7
44.Rf8 Rxf8 45.Rxf8+ Kg7 46.Rf3 Qe1+ 47.Kh2 Qe5+ 48.Rg3+ Kh8 49.Qd2 Rc8 50.Qd4 Qxd4
51.cxd4 b4 52.d5 Rd8 53.Rb3  1/2-1/2

[Event "Biel"]
[Site "Biel"]
[Date "1992.??.??"]
[Round "10"]
[White "Georgiev, Kiril"]
[Black "Beliavsky, Alexander G"]
[Result "1/2-1/2"]
[WhiteElo "2610"]
[BlackElo "2595"]

1.d4 Nf6 2.c4 e6 3.Nf3 d5 4.Nc3 Be7 5.Bg5 h6 6.Bh4 O-O 7.e3 b6 8.Be2 Bb7
9.Bxf6 Bxf6 10.cxd5 exd5 11.b4 c5 12.bxc5 bxc5 13.Rb1 Qa5 14.Qd2 cxd4 15.Nxd4 Bxd4
16.exd4 Ba6 17.Nb5 Qd8 18.O-O Nc6 19.Rfd1 Qd7 20.a4 Rab8 21.Rbc1 Bb7 22.Qf4 Rfd8
23.Rc5 a6 24.Nc3 Qd6 25.Qxd6 Rxd6 26.Rxd5 Rxd5 27.Nxd5 Rd8 28.Bf3 Na5 29.Ne3 Bxf3
30.gxf3 Nb3 31.d5 Nc5 32.Rd4 Kf8 33.f4 Ke7 34.Kf1 Rb8 35.f5 h5 36.Kg2 Rb3
37.Rc4 Kd6 38.Rh4 f6 39.a5 Nd3 40.Re4 Ne5 41.h3 Kd7 42.Rh4 Rb5 43.Rxh5 Ke7
44.Rh8 Rxa5 45.Ra8 Ra4 46.Ra7+ Kf8 47.d6 Rd4 48.Rxa6 Kg8 49.Ng4 Nxg4 50.hxg4 Rxg4+
51.Kf3 Rd4 52.Ke3 Rd1 53.Ra8+  1/2-1/2

[Event "Biel"]
[Site "Biel"]
[Date "1992.??.??"]
[Round "10"]
[White "Kortschnoj, Viktor"]
[Black "Karpov, Anatoly"]
[Result "0-1"]
[WhiteElo "2575"]
[BlackElo "2715"]

1.d4 Nf6 2.c4 e6 3.Nc3 Bb4 4.Qc2 O-O 5.a3 Bxc3+ 6.Qxc3 b6 7.Nf3 Bb7 8.g3 d6
9.Bg2 Nbd7 10.O-O a5 11.b3 Qe7 12.Bb2 Rfe8 13.Rfe1 Be4 14.Bf1 c5 15.Nd2 cxd4
16.Qxd4 e5 17.Qc3 Rac8 18.Nxe4 Nxe4 19.Qe3 Nef6 20.Rac1 Qe6 21.Red1 d5 22.cxd5 Nxd5
23.Qd3 N5f6 24.b4 axb4 25.axb4 h5 26.Bg2 h4 27.e4 hxg3 28.hxg3 Rxc1 29.Bxc1 Ra8
30.Be3 Ra2 31.Qc3 Kh7 32.Rd2 Ra8 33.Qc1 Ra4 34.Qc3 Qg4 35.Rd6 b5 36.Qe1 Nf8
37.f3 Qc8 38.Bf1 Ra3 39.Rd3 Ra2 40.Rd2 Ra3 41.Bxb5 Ne6 42.Bf1 g5 43.Rd3 Ra4
44.g4 Qb8 45.Rb3 Nd4 46.Bxd4 exd4 47.e5 Nd7 48.f4 Qb6 49.Bd3+ Kg8 50.f5 Ra2
51.e6 Qd6 52.Be2 Ne5 53.Qc1 Rxe2 54.Qxg5+ Kf8 55.Qh6+ Ke8 56.Ra3 Re1+  0-1

[Event "Biel"]
[Site "Biel"]
[Date "1992.??.??"]
[Round "11"]
[White "Karpov, Anatoly"]
[Black "Hansen, Curt"]
[Result "1-0"]
[WhiteElo "2715"]
[BlackElo "2635"]

1.d4 d6 2.e4 Nf6 3.Nc3 g6 4.Nf3 Bg7 5.Be2 O-O 6.O-O c6 7.Bf4 Nbd7 8.Re1 Qb6
9.Qc1 e5 10.dxe5 dxe5 11.Be3 Qc7 12.Nd2 Rd8 13.Rd1 Nf8 14.Nc4 Rxd1+ 15.Qxd1 Ne8
16.a4 Ne6 17.Nb1 b6 18.c3 Nf4 19.Bf1 Be6 20.Nbd2 h5 21.Qc2 Rd8 22.b4 Nf6
23.Nf3 Nh7 24.Rd1 Rxd1 25.Qxd1 Bg4 26.Qd6 Qxd6 27.Nxd6 Kf8 28.a5 Ke7 29.Nc4 Bxf3
30.gxf3 b5 31.Na3 a6 32.Nxb5 cxb5 33.Bxb5 Ng5 34.Bxa6 Nge6 35.Bc4 Kd8 36.a6 Kc8
37.b5 Bf8 38.b6 Bc5 39.Bd5 Nxd5 40.exd5 Bxe3 41.b7+ Kc7 42.dxe6 Bc5 43.exf7  1-0

[Event "Biel"]
[Site "Biel"]
[Date "1992.??.??"]
[Round "11"]
[White "Shirov, Alexei"]
[Black "Beliavsky, Alexander G"]
[Result "0-1"]
[WhiteElo "2710"]
[BlackElo "2595"]

1.d4 Nf6 2.c4 e6 3.Nc3 Bb4 4.f3 d5 5.a3 Bxc3+ 6.bxc3 c5 7.cxd5 Nxd5 8.Qd2 f5
9.Nh3 O-O 10.e3 Nc6 11.Bc4 Na5 12.Ba2 Bd7 13.c4 Nf6 14.Bb2 cxd4 15.exd4 Rc8
16.Rc1 b5 17.cxb5 Rxc1+ 18.Qxc1 Qb6 19.Qc5 Rc8 20.Qxb6 axb6 21.Kd2 Nc4+ 22.Bxc4 Rxc4
23.Nf4 g5 24.Nd3 Bxb5 25.Re1 Rc6 26.Nb4 Rd6 27.g4 fxg4 28.fxg4 Kf7 29.h3 Kg6
30.Nd3 Bxd3 31.Kxd3 h6 32.a4 Kf7 33.Rf1 Kg6 34.Rc1 Nd5 35.Ke4 Rd8 36.Rc6 Kf6
37.Kd3 Nb4+ 38.Ke4 Nxc6 39.d5+ Kf7 40.dxc6 Rc8  0-1

[Event "Biel"]
[Site "Biel"]
[Date "1992.??.??"]
[Round "11"]
[White "Lautier, Joel"]
[Black "Kortschnoj, Viktor"]
[Result "1/2-1/2"]
[WhiteElo "2580"]
[BlackElo "2575"]

1.d4 Nf6 2.c4 e6 3.Nc3 Bb4 4.Qc2 c5 5.dxc5 O-O 6.a3 Bxc5 7.Nf3 Nc6 8.Bg5 Nd4
9.Nxd4 Bxd4 10.e3 Qa5 11.exd4 Qxg5 12.Qd2 Qxd2+ 13.Kxd2 d6 14.Bd3 Bd7 15.b4 e5
16.Ne4 Nxe4+ 17.Bxe4 Rac8 18.Rhc1 b6 19.dxe5 dxe5 20.c5 Rfd8 21.Ke3 bxc5
22.Rxc5 f5 23.Bd5+ Kf8 24.Rac1 Ke7 25.Bb7 Rxc5 26.Rxc5 Rb8 27.Bf3 e4 28.Be2 Rc8
29.Kd4 Kd6 30.Rd5+ Ke7 31.Rc5 Kd6 32.Rd5+ Ke7 33.Bb5 Bxb5 34.Rxb5 Kf6 35.Rc5 Re8
36.Rc6+ Kg5 37.Rc7 Rd8+ 38.Kc4 Kf6 39.Rxa7 Rd2 40.b5 Rxf2 41.Kc3 e3 42.b6 Ra2
43.Ra8 e2 44.Re8 Rxa3+ 45.Kb4 Ra2 46.Kc5 Ra5+ 47.Kd6 Rb5 48.Re6+ Kf7 49.Re7+ Kf8
50.Rxe2 Rxb6+ 51.Ke5 g6 52.Ra2 Kg7 53.Ra7+ Kh6 54.Kf4 Rb4+ 55.Kf3 g5 56.Ra6+ Kh5
57.h3 Rb3+  1/2-1/2

[Event "Biel"]
[Site "Biel"]
[Date "1992.??.??"]
[Round "12"]
[White "Georgiev, Kiril"]
[Black "Shirov, Alexei"]
[Result "1-0"]
[WhiteElo "2610"]
[BlackElo "2710"]

1.e4 c5 2.Nf3 e6 3.d4 cxd4 4.Nxd4 Nf6 5.Nc3 Nc6 6.Ndb5 d6 7.Bf4 e5 8.Bg5 a6
9.Na3 Be6 10.Nc4 Rc8 11.Bxf6 gxf6 12.Ne3 Bh6 13.Bd3 Bxe3 14.fxe3 Qb6 15.Qc1 Na5
16.O-O Ke7 17.Qe1 h5 18.b3 Qc5 19.Nd5+ Bxd5 20.exd5 Qxd5 21.Rd1 Rcg8 22.Qf2 Rh6
23.Bg6  1-0

[Event "Biel"]
[Site "Biel"]
[Date "1992.??.??"]
[Round "12"]
[White "Kortschnoj, Viktor"]
[Black "Miles, Anthony J"]
[Result "1-0"]
[WhiteElo "2575"]
[BlackElo "2595"]

1.e4 Nf6 2.e5 Nd5 3.c4 Nb6 4.d4 d6 5.exd6 exd6 6.Nc3 Be7 7.Qf3 Nc6 8.Be3 O-O
9.O-O-O f5 10.g3 f4 11.gxf4 Bf5 12.c5 Nd7 13.Bh3 Kh8 14.d5 Ncb8 15.cxd6 cxd6
16.Bxf5 Rxf5 17.Nge2 Rf7 18.Rhg1 Na6 19.Qh5 Qe8 20.Nd4 Rc8 21.Kb1 Nac5 22.Ne6 Nf6
23.Qh3 Nfe4 24.Bd4 Bf6 25.Nxe4 Nxe4 26.Qe3 Bxd4 27.Qxd4 Nf6 28.Nxg7 Qe4+
29.Qxe4 Nxe4 30.Ne6 Rf5 31.f3 Nf2 32.Rd2 Nh3 33.Rg4 h5 34.Rh4 Ng1 35.Ng5 Re8
36.Rxh5+ Kg8 37.Rg2 Re1+ 38.Kc2 Re2+ 39.Rxe2 Nxe2 40.Ne4 Rxf4 41.Kd2 Nd4
42.Ke3 Rf5 43.Kxd4  1-0

[Event "Biel"]
[Site "Biel"]
[Date "1992.??.??"]
[Round "12"]
[White "Hansen, Curt"]
[Black "Lautier, Joel"]
[Result "1/2-1/2"]
[WhiteElo "2635"]
[BlackElo "2580"]

1.Nf3 Nf6 2.c4 c6 3.Nc3 d5 4.cxd5 cxd5 5.d4 Nc6 6.Bf4 Bf5 7.e3 e6 8.Ne5 Nxe5
9.Bxe5 Nd7 10.Qb3 Nxe5 11.dxe5 Be7 12.Bb5+ Kf8 13.O-O g5 14.Rac1 Kg7 15.Be2 Qb6
16.Nb5 Rhc8 17.Rc3 Bc5 18.Rfc1 Rc6 19.Nd6 Bxd6 20.Rxc6 bxc6 21.exd6 Qxb3
22.axb3 Rd8 23.Rxc6 e5 24.b4 Kf6 25.g4 Bd7 26.Ra6 Rb8 27.h4 Rxb4 28.hxg5+  1/2-1/2

[Event "Biel"]
[Site "Biel"]
[Date "1992.??.??"]
[Round "12"]
[White "Beliavsky, Alexander G"]
[Black "Karpov, Anatoly"]
[Result "1/2-1/2"]
[WhiteElo "2595"]
[BlackElo "2715"]

1.e4 e5 2.Nf3 Nf6 3.Nxe5 d6 4.Nf3 Nxe4 5.Qe2 Qe7 6.d3 Nf6 7.Bg5 Qxe2+ 8.Bxe2 Be7
9.Nc3 c6 10.O-O-O Na6 11.Rde1 Nc7 12.Bd1 Ne6 13.Bd2  1/2-1/2